书目信息 |
| 题名: |
中国人的情谊
|
|
| 作者: | 王春瑜 著 | |
| 分册: | ||
| 出版信息: | 西安 陕西人民出版社 2007 |
|
| 页数: | 243页 | |
| 开本: | 24cm | |
| 丛书名: | 史学家书馆 | |
| 单 册: | ||
| 中图分类: | B824.2 , B824.2 | |
| 科图分类: | ||
| 主题词: | 友谊 , 友谊--研究--中国 , 社会--道德 | |
| 电子资源: | ||
| ISBN: | 978-7-224-07859-6 | |
| 000 | 00870oam2 2200289 450 | |
| 001 | 0961639379 | |
| 005 | 20090929170837.75 | |
| 010 | @a978-7-224-07859-6@dCNY24.00 | |
| 100 | @a20070410d2007 em y0chiy50 ea | |
| 101 | 0 | @achi |
| 102 | @aCN@b610000 | |
| 105 | @aa z 000yy | |
| 106 | @ar | |
| 200 | 1 | @a中国人的情谊@f王春瑜著@Azhong guo ren de qing yi |
| 210 | @a西安@c陕西人民出版社@d2007 | |
| 215 | @a243页@c照片,图@d24cm | |
| 225 | 2 | @a史学家书馆@i王春瑜精选集 |
| 330 | @a本书作者以翔实的史实为底料,展示古人的人格魅力和情谊传统,也为今人的交往提供了绝好的借鉴和参照。 | |
| 462 | 0 | @1001003432047 |
| 606 | 0 | @a友谊 |
| 606 | 0 | @a友谊@x研究@y中国 |
| 606 | 0 | @a社会@x道德 |
| 690 | @aB824.2@v4 | |
| 690 | @aB824.2@v4 | |
| 701 | 0 | @a王春瑜@f(1937~)@4著@Awang chun yu |
| 801 | 0 | @aCN@bAT@c20070207 |
| 905 | @a10447@dB824.2@eJY179 | |
| 中国人的情谊/王春瑜著.-西安:陕西人民出版社,2007 |
| 243页:照片,图;24cm .-(史学家书馆.王春瑜精选集 ) |
| ISBN 978-7-224-07859-6:CNY24.00 |
| 本书作者以翔实的史实为底料,展示古人的人格魅力和情谊传统,也为今人的交往提供了绝好的借鉴和参照。 |
| ● |
| 相关链接 |
|
|
|
|
正题名:中国人的情谊
索取号:B824.2/JY179
 
预约/预借
| 序号 | 登录号 | 条形码 | 馆藏地/架位号 | 状态 | 备注 |
| 1 | 7825627 | 278256272 | 学院路分馆/ [索取号:B824.2/JY179] | 在馆 | |
| 2 | 7829697 | 278296979 | 学院路分馆/ [索取号:B824.2/JY179] | 在馆 | |
| 3 | 7829698 | 278296988 | 学院路分馆/ [索取号:B824.2/JY179] | 在馆 | |
| 4 | 7829699 | 278296997 | 学院路分馆/ [索取号:B824.2/JY179] | 在馆 |